000 00264nam a22001217a 4500
003 SGT
082 _a616.0757
_bC14L
100 _aLAKHKAR,BHUSHAN
245 _aCONCISE RADIOLOGY FOR UNDERGRADUATES
260 _aINDIA
_bAPC
_c2014
300 _a156
942 _2ddc
_cBK
999 _c14181
_d14181